| 000 | 00769nam a2200217 4500 | ||
|---|---|---|---|
| 003 | OSt | ||
| 005 | 20240731074957.0 | ||
| 006 | a | ||
| 008 | 240731b |||||||| |||| 00| 0 eng d | ||
| 020 | _a9781585281718 | ||
| 040 |
_aDWCL-HMN lib. _cOC |
||
| 082 | _aCirc. 362.17820685 C672a 2008 | ||
| 100 | _aCoe, Charles P | ||
| 245 | _aAssuring continuous compliance with joint commission standards : a pharmacy guide / | ||
| 260 |
_aBethesda, Maryland : _bAmerican Society of Health-Systems Pharmacists, _cc2008. |
||
| 300 |
_aix, _b488 p. ; _c28 cm. |
||
| 504 | _aIncludes bibliographical references & index. | ||
| 650 | _a1. Hospital pharmacies-Quality control. | ||
| 650 | _a2. Hospital pharmacies-Standards-United States. | ||
| 942 |
_2ddc _n0 _cBK-CIRC _kCirc. |
||
| 999 |
_c3052 _d3052 |
||